[Event "Main Vogelsberg op 16th"]
[Site "Waechtersbach"]
[Date "2022.10.03"]
[Round "6"]
[White "Sever, Mustafa Batuhan"]
[Black "Scherf, Karl Heinrich"]
[Result "1-0"]
[WhiteElo "2120"]
[BlackElo "1889"]
[PlyCount "45"]
[EventDate "2022.09.30"]
[EventType "swiss"]
[EventRounds "7"]
[EventCountry "GER"]
[SourceTitle "CBM 210 Extra"]
[Source "ChessBase"]
[SourceDate "2022.11.30"]
[SourceVersion "1"]
[SourceVersionDate "2022.11.30"]
[SourceQuality "1"]

1. e4 c5 2. Nf3 d6 3. d4 cxd4 4. Nxd4 Nf6 5. Nc3 a6 6. Be2 e6 7. a4 b6 8. f4 Bb7 9. Bf3 Nbd7 10. Qe2 Be7 11. 0-0 0-0 12. Kh1 Qc7 13. Bd2 Rfd8 14. Rae1 Nc5 15. Qf2 d5 16. e5 Nfe4 17. Bxe4 Nxe4 18. Nxe4 dxe4 19. Be3 Bc5 20. c3 Qd7 21. f5 Bxd4 22. Bxd4 exf5 23. Bxb6 1-0

[Event "Main Vogelsberg op 16th"]
[Site "Waechtersbach"]
[Date "2022.10.01"]
[Round "3"]
[White "Lambers, Gabriel"]
[Black "Scherf, Karl Heinrich"]
[Result "0-1"]
[WhiteElo "1567"]
[BlackElo "1889"]
[PlyCount "30"]
[EventDate "2022.09.30"]
[EventType "swiss"]
[EventRounds "7"]
[EventCountry "GER"]
[SourceTitle "CBM 210 Extra"]
[Source "ChessBase"]
[SourceDate "2022.11.30"]
[SourceVersion "1"]
[SourceVersionDate "2022.11.30"]
[SourceQuality "1"]

1. e4 c5 2. c4 Nc6 3. Ne2 Nf6 4. Nbc3 g6 5. d4 cxd4 6. Nxd4 d6 7. Be2 Bg7 8. Be3 0-0 9. f3 Nh5 10. Qd2 Nxd4 11. Bxd4 Bxd4 12. Qxd4 Nf4 13. 0-0 e5 14. Qf2 Bh3 15. Kh1 Bxg2+ 0-1

[Event "Main Vogelsberg op 16th"]
[Site "Waechtersbach"]
[Date "2022.09.30"]
[Round "1"]
[White "Pu, Tim Yu"]
[Black "Scherf, Karl Heinrich"]
[Result "1-0"]
[WhiteElo "1472"]
[BlackElo "1889"]
[PlyCount "41"]
[EventDate "2022.09.30"]
[EventType "swiss"]
[EventRounds "7"]
[EventCountry "GER"]
[SourceTitle "CBM 210 Extra"]
[Source "ChessBase"]
[SourceDate "2022.11.30"]
[SourceVersion "1"]
[SourceVersionDate "2022.11.30"]
[SourceQuality "1"]

1. d4 Nf6 2. Bf4 c5 3. e3 b6 4. Be2 Nc6 5. c3 e6 6. h3 Be7 7. Nf3 Bb7 8. Nbd2 0-0 9. 0-0 d5 10. b3 Ne4 11. Nxe4 dxe4 12. Nd2 f5 13. Bc4 Rf6 14. f3 exf3 15. Nxf3 Na5 16. Be2 Rf8 17. dxc5 bxc5 18. Qxd8 Bxd8 19. Bd6 Re8 20. Bxc5 Bf6 21. Rac1 1-0

[Event "Hessenliga 1718"]
[Site "Hessen"]
[Date "2018.01.28"]
[Round "6.8"]
[White "Voellinger, Florian"]
[Black "Scherf, Karl Heinrich"]
[Result "0-1"]
[WhiteElo "1861"]
[BlackElo "2013"]
[PlyCount "72"]
[EventDate "2017.09.17"]
[EventType "team-tourn"]
[EventRounds "9"]
[EventCountry "GER"]
[SourceTitle "CBM 189 Extra"]
[Source "ChessBase"]
[SourceDate "2019.05.31"]
[SourceVersion "1"]
[SourceVersionDate "2019.05.31"]
[SourceQuality "1"]
[WhiteTeam "Dettingen"]
[BlackTeam "Neuberg II"]
[WhiteTeamCountry "GER"]
[BlackTeamCountry "GER"]

1. d4 Nf6 2. c4 g6 3. Nc3 Bg7 4. Nf3 d6 5. h3 Bf5 6. Bf4 0-0 7. e3 Nc6 8. g4 Bc8 9. Bg2 Nd7 10. 0-0 e5 11. Bg3 f5 12. d5 Nb4 13. a3 Na6 14. Bh4 Bf6 15. Bxf6 Qxf6 16. g5 Qe7 17. h4 e4 18. Nd4 Ne5 19. Qe2 h6 20. f4 exf3 21. Nxf3 Nxf3+ 22. Qxf3 hxg5 23. hxg5 Qxg5 24. b4 Bd7 25. Ne2 Rae8 26. Nf4 c6 27. Rad1 c5 28. b5 Nc7 29. Rfe1 Re4 30. Ne6 Nxe6 31. dxe6 Bxe6 32. Rxd6 Bxc4 33. b6 axb6 34. Rxb6 Bd5 35. Rd6 Bc6 36. Re2 Rfe8 0-1

[Event "Heusenstamm Sparkassen op-A 3rd"]
[Site "Heusenstamm"]
[Date "2016.11.27"]
[Round "4"]
[White "Kolker, Vladislav"]
[Black "Scherf, Karl Heinrich"]
[Result "0-1"]
[WhiteElo "2007"]
[BlackElo "1881"]
[PlyCount "70"]
[EventDate "2016.11.24"]
[EventType "swiss"]
[EventRounds "7"]
[EventCountry "GER"]
[SourceTitle "EXT 2018"]
[Source "ChessBase"]
[SourceDate "2017.10.13"]
[SourceVersion "1"]
[SourceVersionDate "2017.10.13"]
[SourceQuality "1"]

1. e4 c5 2. Nf3 d6 3. d4 cxd4 4. Nxd4 Nf6 5. Nc3 a6 6. Bg5 e6 7. f4 b5 8. Bd3 Nbd7 9. Qf3 Bb7 10. 0-0-0 Qb6 11. Bxf6 Nxf6 12. f5 e5 13. Nde2 b4 14. Nd5 Nxd5 15. exd5 Rc8 16. Kb1 Rc5 17. Be4 Be7 18. g4 a5 19. h4 Ba6 20. Ng3 Rc3 21. Bd3 0-0 22. Ne4 Rfc8 23. Nxc3 bxc3 24. b3 Qc5 25. Ka1 a4 26. Rh2 Bxd3 27. Qxd3 axb3 28. cxb3 c2 29. Rc1 e4 30. Rhxc2 exd3 31. Rxc5 Bf6+ 32. Kb1 Rxc5 33. Rxc5 dxc5 34. g5 Bc3 35. Kc1 Kf8 0-1

[Event "Unterfranken-ch M2 44th"]
[Site "Rieneck"]
[Date "1993.??.??"]
[Round "1"]
[White "Koehler, Reiner"]
[Black "Scherf, Karl Heinrich"]
[Result "0-1"]
[WhiteElo "1764"]
[BlackElo "1846"]
[PlyCount "72"]
[EventDate "1993.04.12"]
[EventType "swiss"]
[EventRounds "9"]
[EventCountry "GER"]
[SourceTitle "EXT 2015"]
[Source "ChessBase"]
[SourceDate "2014.11.20"]
[SourceVersion "1"]
[SourceVersionDate "2014.11.20"]
[SourceQuality "1"]

1. d4 Nf6 2. c4 g6 3. Nc3 Bg7 4. e4 0-0 5. f4 c5 6. Nf3 cxd4 7. Nxd4 Qb6 8. e5 Ne8 9. Nd5 Qd8 10. Be2 d6 11. exd6 Nxd6 12. Nb3 Nc6 13. 0-0 Bf5 14. Bd3 e6 15. Ne3 Bxd3 16. Qxd3 Qc7 17. Qe2 Rad8 18. Ng4 Nf5 19. Be3 h5 20. Nf2 Nxe3 21. Qxe3 Bxb2 22. Rab1 Bg7 23. g4 hxg4 24. Nxg4 Nd4 25. Ne5 Nc6 26. Kg2 Nxe5 27. fxe5 Qxe5 28. Rf3 b6 29. Qf2 Rd7 30. c5 bxc5 31. Nxc5 Qg5+ 32. Rg3 Qd5+ 33. Rf3 Rc7 34. Nd3 Rc3 35. Nf4 Rxf3 36. Qxf3 Qxa2+ 0-1

[Event "Unterfranken-ch M2 44th"]
[Site "Rieneck"]
[Date "1993.??.??"]
[Round "8"]
[White "Neumann, Christoph"]
[Black "Scherf, Karl Heinrich"]
[Result "0-1"]
[WhiteElo "1815"]
[BlackElo "1846"]
[PlyCount "78"]
[EventDate "1993.04.12"]
[EventType "swiss"]
[EventRounds "9"]
[EventCountry "GER"]
[SourceTitle "EXT 2015"]
[Source "ChessBase"]
[SourceDate "2014.11.20"]
[SourceVersion "1"]
[SourceVersionDate "2014.11.20"]
[SourceQuality "1"]

1. d4 Nf6 2. c4 g6 3. Nc3 Bg7 4. e4 0-0 5. h3 c5 6. d5 d6 7. Nf3 e5 8. Bd3 Ne8 9. g4 Na6 10. Be3 Nac7 11. Qd2 a6 12. Bh6 Qf6 13. Be2 Bxh6 14. Qxh6 b5 15. Ng5 Qg7 16. Qxg7+ Kxg7 17. cxb5 axb5 18. Nxb5 Nxb5 19. Bxb5 Nf6 20. Bd3 Ra4 21. b3 Ra3 22. Ke2 Ba6 23. Bxa6 Rxa6 24. Kd3 Rfa8 25. a4 Rb6 26. Ra3 Rb4 27. a5 h6 28. Nf3 Nxe4 29. Ke3 Nc3 30. Nd2 Nxd5+ 31. Kf3 Ra6 32. Nc4 Nc7 33. Rd1 Nb5 34. Raa1 Rxb3+ 35. Kg2 Rb4 36. Ne3 Nc3 37. Rd3 Ne2 38. Rd2 Nf4+ 39. Kh2 Kf6 0-1

[Event "Unterfranken-ch M2 44th"]
[Site "Rieneck"]
[Date "1993.??.??"]
[Round "2"]
[White "Scherf, Karl Heinrich"]
[Black "Becker, Michael2"]
[Result "0-1"]
[WhiteElo "1846"]
[BlackElo "1862"]
[PlyCount "56"]
[EventDate "1993.04.12"]
[EventType "swiss"]
[EventRounds "9"]
[EventCountry "GER"]
[SourceTitle "EXT 2015"]
[Source "ChessBase"]
[SourceDate "2014.11.20"]
[SourceVersion "1"]
[SourceVersionDate "2014.11.20"]
[SourceQuality "1"]

1. e4 c6 2. f4 d5 3. e5 Bf5 4. Nf3 Qb6 5. Nh4 Nh6 6. Nxf5 Nxf5 7. Bd3 e6 8. c3 c5 9. Qb3 Qxb3 10. axb3 a6 11. Na3 g6 12. Be2 h5 13. d3 Nc6 14. Nc2 Kd7 15. Kf2 Be7 16. Ne3 Nh6 17. g3 Raf8 18. Bd2 f6 19. exf6 Bxf6 20. Raf1 Na5 21. Bd1 Nc6 22. Ke1 b5 23. Bf3 b4 24. Nc2 Rb8 25. Na1 Nf5 26. Kd1 Na5 27. Kc2 Nc6 28. Re1 Nfd4+ 0-1

[Event "Unterfranken-ch M2 44th"]
[Site "Rieneck"]
[Date "1993.??.??"]
[Round "5"]
[White "Scherf, Karl Heinrich"]
[Black "Schwarzenbrunner, Klaus"]
[Result "1-0"]
[WhiteElo "1846"]
[BlackElo "1723"]
[PlyCount "45"]
[EventDate "1993.04.12"]
[EventType "swiss"]
[EventRounds "9"]
[EventCountry "GER"]
[SourceTitle "EXT 2015"]
[Source "ChessBase"]
[SourceDate "2014.11.20"]
[SourceVersion "1"]
[SourceVersionDate "2014.11.20"]
[SourceQuality "1"]

1. e4 e5 2. Nc3 Nf6 3. f4 d5 4. exd5 e4 5. d3 Bb4 6. Bd2 0-0 7. dxe4 Bxc3 8. Bxc3 Nxe4 9. Nf3 Re8 10. Be2 Qe7 11. Kf1 Bf5 12. Bc4 Qc5 13. Qd4 Qxd4 14. Bxd4 Nd7 15. Bb5 Rad8 16. Re1 a6 17. Bd3 Ndf6 18. Bxf6 gxf6 19. g4 Bxg4 20. Rg1 f5 21. h3 h5 22. hxg4 hxg4 23. Bxe4 1-0